| 000 -LEADER |
| fixed length control field |
02638cam a2200409Ia 4500 |
| 001 - CONTROL NUMBER |
| control field |
10174499 |
| 003 - CONTROL NUMBER IDENTIFIER |
| control field |
OSt |
| 005 - DATE AND TIME OF LATEST TRANSACTION |
| control field |
20180117085950.0 |
| 008 - FIXED-LENGTH DATA ELEMENTS--GENERAL INFORMATION |
| fixed length control field |
120425s2012 enka b 000 0 eng d |
| 020 ## - INTERNATIONAL STANDARD BOOK NUMBER |
| International Standard Book Number |
9781849042215 (pbk.) |
| 020 ## - INTERNATIONAL STANDARD BOOK NUMBER |
| International Standard Book Number |
1849042217 (pbk.) |
| 035 ## - SYSTEM CONTROL NUMBER |
| System control number |
(OCoLC)ocn802475747 |
| 035 ## - SYSTEM CONTROL NUMBER |
| System control number |
(OCoLC)802475747 |
| 035 ## - SYSTEM CONTROL NUMBER |
| System control number |
(NNC)10174499 |
| 040 ## - CATALOGING SOURCE |
| Original cataloging agency |
CaONFJC |
| Transcribing agency |
STF |
| Modifying agency |
OCLCO |
| -- |
COD |
| -- |
UKSMC |
| -- |
YDXCP |
| -- |
YNK |
| 050 #4 - LIBRARY OF CONGRESS CALL NUMBER |
| Classification number |
BP161.3 |
| Item number |
.I29 2012 |
| 082 ## - DEWEY DECIMAL CLASSIFICATION NUMBER |
| Classification number |
297 CRI |
| 245 04 - TITLE STATEMENT |
| Title |
Critical Muslims: The idea of Islam / |
| Statement of responsibility, etc. |
[editors Ziauddin Sardar and Robin Yassin-Kassab]. |
| 250 ## - EDITION STATEMENT |
| Remainder of edition statement |
Vol. 2 |
| 260 ## - PUBLICATION, DISTRIBUTION, ETC. |
| Place of publication, distribution, etc. |
London : |
| Name of publisher, distributor, etc. |
C Hurst & Co, |
| Date of publication, distribution, etc. |
c2012. |
| 300 ## - PHYSICAL DESCRIPTION |
| Extent |
277 p. : |
| Other physical details |
ill. ; |
| Dimensions |
22 cm. |
| 490 1# - SERIES STATEMENT |
| Series statement |
Critical Muslim, |
| International Standard Serial Number |
2048-8475 ; |
| Volume/sequential designation |
2 |
| 500 ## - GENERAL NOTE |
| General note |
Statement of responsibility from t.p. verso. |
| 500 ## - GENERAL NOTE |
| General note |
Published on behalf of and in conjunction with the Muslim Institute, London. |
| 500 ## - GENERAL NOTE |
| General note |
"April-June 2012"--Cover. |
| 504 ## - BIBLIOGRAPHY, ETC. NOTE |
| Bibliography, etc. note |
Includes bibliographical references (p. 261-270). |
| 520 ## - SUMMARY, ETC. |
| Summary, etc. |
Ziauddin Sardar argues why Islamic reform is necessary , Bruce Lawrence sees Muslim cosmopolitanism as the future, Parvez Mansoor declares jihad on the idea of "the political", Samia Rahman gets to the root of Muslim misogyny, Michael Muhammad Knight explains his taqwacore beliefs, Soha al-Jurf has problems with orthodoxy, Carool Kersten suggets that critical thinkers and reformers are often seen as heretics, and Ben Gidley on what keeps Muslims and Jews apart and what can bring them together. Also in this issue: Stuart Sim takes a sledgehammer to the "profit motive", Andy Simons argues that Jazz is just as Muslim as it is American, Robin Yassin-Kassab meets the new crop if Iraqi writers in Erbil, Said Adrus visits a Muslim cemetery in Woking, Ehsan Masood confesses he spent his youth reading the extremist writer Maryam Jameelah, Iftikhar Malik dismisses pessimism about Pakistan, Hasan Mahamdalie explores what it means to be an American, Jerry Revetz discovers the Arabic Maimonides, Vinay Lal asseses the legacy of Edward Said, and Merryl Wyn Davies takes a train to 9/11. Plus a brilliant new story from Aamer Hussein and four poems by the celebrated Mimi Khalvati. |
| 650 #0 - SUBJECT ADDED ENTRY--TOPICAL TERM |
| Topical term or geographic name entry element |
Islam. |
| 9 (RLIN) |
174 |
| 700 1# - ADDED ENTRY--PERSONAL NAME |
| Personal name |
Sardar, Ziauddin. |
| 9 (RLIN) |
3869 |
| 700 1# - ADDED ENTRY--PERSONAL NAME |
| Personal name |
Yassin-Kassab, Robin. |
| 9 (RLIN) |
3870 |
| 710 2# - ADDED ENTRY--CORPORATE NAME |
| Corporate name or jurisdiction name as entry element |
Muslim Institute for Research and Planning. |
| 9 (RLIN) |
3871 |
| 830 #0 - SERIES ADDED ENTRY--UNIFORM TITLE |
| Uniform title |
Critical Muslim ; |
| Volume/sequential designation |
2. |
| 9 (RLIN) |
3872 |
| 942 ## - ADDED ENTRY ELEMENTS (KOHA) |
| Source of classification or shelving scheme |
|
| Koha item type |
Book |
| 948 1# - LOCAL PROCESSING INFORMATION (OCLC); SERIES PART DESIGNATOR (RLIN) |
| Series part designator, SPT (RLIN) |
20130228 |
| b (OCLC) |
c |
| c (OCLC) |
hew2 |
| d (OCLC) |
MPS |